Solid State Physics (Record no. 3622)

MARC details
000 -LEADER
fixed length control field 00856pam a2200277 a 4500
001 - CONTROL NUMBER
control field 2469284
003 - CONTROL NUMBER IDENTIFIER
control field OSt
005 - DATE AND TIME OF LATEST TRANSACTION
control field 20170421204815.0
008 - FIXED-LENGTH DATA ELEMENTS--GENERAL INFORMATION
fixed length control field 901010s1991 enka b 001 0 eng
010 ## - LIBRARY OF CONGRESS CONTROL NUMBER
LC control number 90020751
020 ## - INTERNATIONAL STANDARD BOOK NUMBER
International Standard Book Number 0471928046
Terms of availability $90.00
020 ## - INTERNATIONAL STANDARD BOOK NUMBER
International Standard Book Number 0471928054
Terms of availability $23.00
040 ## - CATALOGING SOURCE
Original cataloging agency DLC
Transcribing agency DLC
Modifying agency DLC
050 00 - LIBRARY OF CONGRESS CALL NUMBER
Classification number QC176
Item number .H66 1991
082 00 - DEWEY DECIMAL CLASSIFICATION NUMBER
Classification number 530.14
Edition number 20
Item number HOO 2010
100 1# - MAIN ENTRY--PERSONAL NAME
Personal name Hook, J. R.; Hall, H.E.
9 (RLIN) 8072
245 10 - TITLE STATEMENT
Title Solid State Physics
250 ## - EDITION STATEMENT
Edition statement 2nd ed.
260 ## - PUBLICATION, DISTRIBUTION, ETC. (IMPRINT)
Place of publication, distribution, etc. New York;
Name of publisher, distributor, etc. Wiley,
Date of publication, distribution, etc. 1991.
300 ## - PHYSICAL DESCRIPTION
Extent xxi, 474 p. :
Other physical details ill. ;
Dimensions 24 cm.
504 ## - BIBLIOGRAPHY, ETC. NOTE
Bibliography, etc Includes bibliographical references and index.
650 #0 - SUBJECT ADDED ENTRY--TOPICAL TERM
Topical term or geographic name as entry element Solid state physics.
9 (RLIN) 376
856 42 - ELECTRONIC LOCATION AND ACCESS
Materials specified Publisher description
Uniform Resource Identifier http://www.loc.gov/catdir/description/wiley037/90020751.html
906 ## - LOCAL DATA ELEMENT F, LDF (RLIN)
a 7
b cbc
c orignew
d 1
e ocip
f 19
g y-gencatlg
942 ## - ADDED ENTRY ELEMENTS (KOHA)
Source of classification or shelving scheme Dewey Decimal Classification
Koha item type Short Loan
Holdings
Withdrawn status Lost status Source of classification or shelving scheme Damaged status Not for loan Home library Current library Date acquired Inventory number Total Checkouts Full call number Barcode Date last seen Price effective from Koha item type
    Dewey Decimal Classification     MUST Main Library MUST Main Library 19/04/2016 2012/36794   530.14 HOO 2010 2016-1017 19/04/2016 19/04/2016 Short Loan
    Dewey Decimal Classification     MUST Main Library MUST Main Library 19/04/2016 2001/15864   530.14 HOO 1991 2016-1018 19/04/2016 19/04/2016 Short Loan
    Dewey Decimal Classification     MUST Main Library MUST Main Library 19/04/2016 2005/24435   530.14 HOO 1991 2016-1019 19/04/2016 19/04/2016 Short Loan